| 000 | 00683nam a2200241Ia 4500 | ||
|---|---|---|---|
| 001 | dia_2243 | ||
| 003 | CHAP | ||
| 005 | 20230329132939.0 | ||
| 008 | 220117s1979 xx 000 0 und d | ||
| 010 | _a172762 | ||
| 040 | _cCHAP | ||
| 082 | _a641.14 B3Y | ||
| 100 |
_aBailey, Alton E. _9152457 |
||
| 245 |
_aAceites y Grasas Industriales / _c por Alton E. Bailey, traducido por Luis Mora Cortaya |
||
| 260 |
_aBuenos Aires : _b Reverté, _c1979 |
||
| 300 | _a741 p. | ||
| 500 | _a1 fotocopia | ||
| 650 |
_a1.Aceites y grasas. _9152458 |
||
| 901 | _a641.14 B3Y | ||
| 902 | _aM | ||
| 905 | _a0000001979 ARGX 0000000000ESP00 | ||
| 942 |
_cLIBRO _2ddc |
||
| 999 |
_c172762 _d172762 |
||